Success full managers hand book (Record no. 851994)

MARC details
000 -LEADER
fixed length control field 00309nam a2200133Ia 4500
008 - FIXED-LENGTH DATA ELEMENTS--GENERAL INFORMATION
fixed length control field 230818s2002 xx 000 0 und d
041 ## - LANGUAGE CODE
Language code of text/sound track or separate title eng
100 ## - MAIN ENTRY--PERSONAL NAME
Personal name Ali
245 ## - TITLE STATEMENT
Title Success full managers hand book
260 ## - PUBLICATION, DISTRIBUTION, ETC.
Name of publisher, distributor, etc. Dorling pub.
Date of publication, distribution, etc. 2002
300 ## - PHYSICAL DESCRIPTION
Extent 864p
520 ## - SUMMARY, ETC.
Summary, etc. Reference Copy
650 ## - SUBJECT ADDED ENTRY--TOPICAL TERM
Topical term or geographic name entry element General
Holdings
Withdrawn status Lost status Damaged status Not for loan Home library Current library Date acquired Source of acquisition Cost, normal purchase price Total Checkouts Barcode Date last seen Price effective from Koha item type
        College of Hotel & Tourism Management Studies, Navi Mumbai College of Hotel & Tourism Management Studies, Navi Mumbai 18/08/2023 Reader and Digest 1569.00   HMM-A263 18/08/2023 18/08/2023 Book